Denver Nuggets 2025-2026 Roster - Statistics

General Stats
  • This quiz has been taken 51 times
    32 since last reset
  • The average score is 12 of 16
Answer Stats
Jersey # Pos Answer % Correct
27 G Jamal Murray
100%
15 C Nikola Jokic
100%
32 F Aaron Gordon
92%
11 G-F Bruce Brown
88%
0 G Christian Braun
88%
17 C Jonas Valanciunas
88%
8 G Peyton Watson
84%
23 F Cameron Johnson
80%
10 G-F Tim Hardaway Jr
76%
24 G Jalen Pickett
72%
21 F Spencer Jones
72%
3 G Julian Strawther
68%
22 F-C Zeke Nnaji
68%
1 G Curtis Jones
60%
14 F DaRon Holmes II
52%
7 G Tamar Bates
24%
No matching quizzes found
Score Distribution
Percent of People with Each Score
Percentile by Number Answered
Your Score History
You have not taken this quiz since the last reset